| Tag |
First Indicator |
Second Indicator |
Subfields |
| LEADER |
00000cam a22000008a 4500 |
| 001 |
in00000071360 |
| 005 |
20151008062201.0 |
| 008 |
800925s1981 ne b 00110 engm |
| 010 |
|
|
|a 80041060
|
| 015 |
|
|
|a GB81
|
| 020 |
|
|
|a 0198253567 (Oxford University Press).
|c 22.50
|
| 035 |
|
|
|a (OCoLC)06864631
|
| 035 |
|
|
|9 AAJ9690AM
|
| 040 |
|
|
|a DLC
|c DLC
|d m.c.
|d TXA
|d UtOrBLW
|
| 043 |
|
|
|a fw-----
|a f-gh---
|
| 049 |
|
|
|a TXAM
|c [1501910]
|
| 050 |
0 |
0 |
|a LAW
|
| 082 |
0 |
|
|a 351/.008/73096
|2 19
|
| 090 |
|
|
|a KRX3450
|b .A45 1981
|
| 099 |
|
|
|a KRG
|a A516
|
| 100 |
1 |
|
|a Amissah, Austin.
|
| 245 |
1 |
4 |
|a The contribution of the courts to government :
|b a West African view /
|c A.N.E. Amissah.
|
| 263 |
|
|
|a 8107
|
| 264 |
|
1 |
|a Oxford :
|b Clarendon Press ;
|a New York :
|b Oxford University Press,
|c 1981.
|
| 300 |
|
|
|a x, 382 pages ;
|c 22 cm.
|
| 336 |
|
|
|a text
|b txt
|2 rdacontent
|
| 337 |
|
|
|a unmediated
|b n
|2 rdamedia
|
| 338 |
|
|
|a volume
|b nc
|2 rdacarrier
|
| 500 |
|
|
|a Includes bibliographical references and index.
|
| 650 |
|
0 |
|a Judicial power
|z Africa, West.
|
| 650 |
|
0 |
|a Separation of powers
|z Africa, West.
|
| 650 |
|
0 |
|a Courts
|z Ghana.
|
| 650 |
|
0 |
|a Judicial power.
|
| 650 |
|
0 |
|a Separation of powers.
|
| 999 |
|
|
|a MARS
|
| 999 |
f |
f |
|s df60f44f-bdc9-359e-a68d-ccb831d811cd
|i 645f8489-3fa1-3367-82b0-3b2bd12340a5
|t 0
|
| 952 |
f |
f |
|p ric
|a Texas A&M University
|b Rellis Campus
|c Joint Library Facility
|d Remote Storage
|t 0
|e KRX3450 .A45 1981
|h Library of Congress classification
|i unmediated -- volume
|m A14806074656
|
| 998 |
f |
f |
|a KRX3450 .A45 1981
|t 0
|l Remote Storage
|